| 000 | 00599cab a2200229 4500 | ||
|---|---|---|---|
| 001 | ABS50200 | ||
| 008 | 090401t1994 xxu||||| |||| 00| 0 eng d | ||
| 035 | _a(Sirsi) u74580 | ||
| 041 | _aeng | ||
| 100 | _aFreeborn, T. | ||
| 245 | _aWest End boys | ||
| 260 | _c1994 | ||
| 350 | _a0 | ||
| 490 |
_aEstates Gazette _v(9407) 19 February 1994, 58(1) |
||
| 520 | _aCharts the fortunes of Derwent Water. | ||
| 650 | _aDERWENT WATER | ||
| 650 | _aPROFILE | ||
| 650 | _aPROPERTY COMPANIES | ||
| 690 | _aMANAGEMENT-BUSINESS MANAGEMENT-PROFESSIONAL PRACTICE | ||
| 942 | _n0 | ||
| 948 | _c04/03/1997 | ||
| 999 |
_c47007 _d47007 |
||